000 00879nam a2200265Ia 4500
003 GCL
008 140319s9999 xx 000 0 ara d
040 _aGCL /
_cGCL
082 0 4 _a935
_bج ت
100 1 _aحسن بيرنيا
245 1 0 _aتاريخ ايران القديم من البداية حتى نهاية العهد الساسان /
_cحسن بيرنيا
700 1 _aالسباعى محمد السباعى
700 1 _aمحمد نورالدين عبدالمنعم
700 1 _aيحيى الخشاب
260 _a[S.N] :
_bدار الثقافة للنشر والتوزيع ،
_c1992
300 _a368 ص
490 _a
650 0 4 _aتاريخ
650 0 4 _aايران
650 0 4 _aالفرس
650 0 4 _aالدولة الطاهرية
650 0 4 _aالدولة السامانية
650 0 4 _aالدولة الصفارية
942 _2ddc
_cBK
999 _c31371
_d31371